Faktorová analýza a příbuzné metody v psychologii

Salvato in:
Dettagli Bibliografici
Autore principale: McDonald, Roderick P.
Altri autori: Blahuš, Petr
Natura: Libro
Lingua:ceco
Pubblicazione: Praha Academia 1991
Edizione:1. vyd.
Soggetti:
Tags: Aggiungi Tag
Nessun Tag, puoi essere il primo ad aggiungerne!!

MARC

LEADER 00000nam a2200000 4500
001 c000977
005 20221214093549.9
020 |a 80-200-0081-X 
041 0 |a cze 
044 |a CZ 
245 1 0 |a Faktorová analýza a příbuzné metody v psychologii  |c Roderick P. McDonald ; [Z angl. prel.] Petr Blahuš 
250 |a 1. vyd. 
264 1 |a Praha  |b Academia  |c 1991 
300 |a 252 s. 
610 2 0 |a psychológia 
610 2 0 |a analýza faktorová 
610 2 0 |a testy psychologické 
610 2 0 |a modely lineárne 
610 2 0 |a matice 
100 1 |a McDonald, Roderick P. 
700 1 |a Blahuš, Petr